| Tag |
First Indicator |
Second Indicator |
Subfields |
| LEADER |
00000cam a2200000 a 4500 |
| 001 |
in00000009577 |
| 005 |
20151007051623.0 |
| 008 |
850422s1984 dcu b 10000 eng |
| 010 |
|
|
|a 85145827
|
| 020 |
|
|
|a 0897071638 (pbk.) :
|c $7.50
|
| 035 |
|
|
|a (OCoLC)11735426
|
| 035 |
|
|
|9 AAA3948AM
|
| 040 |
|
|
|a DLC
|c DLC
|d m/c
|d TXA
|d UtOrBLW
|
| 043 |
|
|
|a n-us---
|
| 049 |
|
|
|a TXAM
|c [A11461321]
|
| 050 |
0 |
0 |
|a JK1081
|b .C66 1984
|
| 082 |
0 |
|
|a 328.73/0746
|2 19
|
| 245 |
0 |
0 |
|a Congress, the president, and foreign policy /
|c [edited by Steven P. Soper].
|
| 264 |
|
1 |
|a [Washington, D.C.] :
|b American Bar Association, Standing Committee on Law and National Security,
|c [1984]
|
| 264 |
|
4 |
|c ©1984
|
| 300 |
|
|
|a vi, 204 pages ;
|c 23 cm.
|
| 336 |
|
|
|a text
|b txt
|2 rdacontent
|
| 337 |
|
|
|a unmediated
|b n
|2 rdamedia
|
| 338 |
|
|
|a volume
|b nc
|2 rdacarrier
|
| 500 |
|
|
|a "Proceedings of a conference co-sponsored by the Standing Committee on Law and National Security and the Committee on Executive- Congressional Relations of the Section of International Law and Practice of the American Bar Association in Washington, D.C., on May 10-11, 1984"--Title page verso.
|
| 504 |
|
|
|a Bibliography: pages 70-74.
|
| 610 |
1 |
0 |
|a United States.
|b Congress
|x Congresses.
|
| 650 |
|
0 |
|a Presidents
|z United States
|v Congresses.
|
| 651 |
|
0 |
|a United States
|x Foreign relations
|x Congresses.
|
| 700 |
1 |
|
|a Soper, Steven Paul,
|d 1948-
|
| 710 |
2 |
|
|a American Bar Association.
|b Standing Committee on Law and National Security.
|
| 710 |
2 |
|
|a American Bar Association.
|b Committee on Executive-Congressional Relations.
|
| 999 |
|
|
|a MARS
|
| 999 |
f |
f |
|s 2a68cb31-1a31-31b3-9278-abf32e19932b
|i 18eb0673-1368-3810-b26b-14c2cb6de1c3
|t 0
|
| 952 |
f |
f |
|p ric
|a Texas A&M University
|b Rellis Campus
|c Joint Library Facility
|d Remote Storage
|t 0
|e JK1081 .C66 1984
|h Library of Congress classification
|i unmediated -- volume
|m A14811461321
|
| 998 |
f |
f |
|a JK1081 .C66 1984
|t 0
|l Remote Storage
|